| Tag |
First Indicator |
Second Indicator |
Subfields |
| LEADER |
00000cam a2200000 4500 |
| 001 |
in00000061520 |
| 005 |
20151007082820.0 |
| 008 |
720922s1955 eng u |
| 010 |
|
|
|a 55008081
|
| 035 |
|
|
|a (OCoLC)00412878
|
| 035 |
|
|
|9 AAF8448AM
|
| 040 |
|
|
|c WSU
|d TXA
|d UtOrBLW
|
| 049 |
|
|
|a TXAM
|c [257422]
|
| 050 |
|
0 |
|a DS849.R7
|b L4 1955
|
| 092 |
|
|
|a 327.52
|b L573n
|
| 100 |
1 |
|
|a Lensen, George Alexander,
|d 1923-
|
| 245 |
1 |
0 |
|a Russia's Japan expedition of 1852 to 1855.
|
| 264 |
|
1 |
|a Gainesville :
|b University of Florida Press,
|c 1955.
|
| 300 |
|
|
|a 208 pages
|
| 336 |
|
|
|a text
|b txt
|2 rdacontent
|
| 337 |
|
|
|a unmediated
|b n
|2 rdamedia
|
| 338 |
|
|
|a volume
|b nc
|2 rdacarrier
|
| 504 |
|
|
|a Bibliography: pages 195-203.
|
| 600 |
1 |
0 |
|a Puti︠a︡tin, Evfimiĭ Vasilʹevich,
|c graf,
|d 1803-1883.
|
| 651 |
|
0 |
|a Soviet Union
|x Foreign relations
|z Japan.
|
| 651 |
|
0 |
|a Japan
|x Foreign relations
|z Soviet Union.
|
| 740 |
0 |
|
|a Japan expedition of 1852 to 1855.
|
| 999 |
|
|
|a MARS
|
| 999 |
f |
f |
|s 52a89ecd-41c7-3e02-9de5-4d2c83f5cdb6
|i c715d506-b2c3-3692-8ac6-451a14837dcc
|t 0
|
| 952 |
f |
f |
|p ric
|a Texas A&M University
|b Rellis Campus
|c Joint Library Facility
|d Remote Storage
|t 0
|e DS849.R7 L4 1955
|h Library of Congress classification
|i unmediated -- volume
|m A14800676450
|
| 998 |
f |
f |
|a DS849.R7 L4 1955
|t 0
|l Remote Storage
|